IAS 40 - investment property (Record no. 103414)

MARC details
000 -LEADER
fixed length control field 01151cam a2200241 4500
001 - CONTROL NUMBER
control field J125495
008 - FIXED-LENGTH DATA ELEMENTS--GENERAL INFORMATION
fixed length control field 040319n2004 000 0 eng u
035 ## - SYSTEM CONTROL NUMBER
System control number (Sirsi) u125495
041 ## - LANGUAGE CODE
Language code of text/sound track or separate title eng
050 ## - LIBRARY OF CONGRESS CALL NUMBER
Classification number 657.73
-- 18
110 ## - MAIN ENTRY--CORPORATE NAME
Corporate name or jurisdiction name as entry element Royal Institution of Chartered Surveyors
Subordinate unit Valuation Faculty
9 (RLIN) 4354
245 ## - TITLE STATEMENT
Title IAS 40 - investment property
Remainder of title valuer's guide to the revised standard published December 2003
260 ## - PUBLICATION, DISTRIBUTION, ETC.
Place of publication, distribution, etc. [S.I.]
Name of publisher, distributor, etc. RICS
Date of publication, distribution, etc. 2004
520 ## - SUMMARY, ETC.
Summary, etc. Provides a summary of IAS 40 "Investment property" and its implications for valuers. IAS 40 concerns the treatment of freehold and investment property in company accounts. This guide outlines the scope of IAS 40, exclusions, and notes on measurement. View at www.rics.org/val.
520 ## - SUMMARY, ETC.
Summary, etc. Last updated 15 April 2004.
650 ## - SUBJECT ADDED ENTRY--TOPICAL TERM
Topical term or geographic name entry element IAS40
650 ## - SUBJECT ADDED ENTRY--TOPICAL TERM
Topical term or geographic name entry element INTERNATIONAL ACCOUNTING STANDARDS
650 ## - SUBJECT ADDED ENTRY--TOPICAL TERM
Topical term or geographic name entry element INVESTMENT PROPERTY
690 ## - LOCAL SUBJECT ADDED ENTRY--TOPICAL TERM (OCLC, RLIN)
Topical term or geographic name as entry element PROPERTY-PROPERTY APPRAISAL AND VALUATION
710 ## - ADDED ENTRY--CORPORATE NAME
Corporate name or jurisdiction name as entry element Royal Institution of Chartered Surveyors
9 (RLIN) 4900
856 ## - ELECTRONIC LOCATION AND ACCESS
Uniform Resource Identifier <a href="https://www.rics.org/RICSWEB/getpage.aspx?p=t51zBIAuqEC74c54mzh0hg">https://www.rics.org/RICSWEB/getpage.aspx?p=t51zBIAuqEC74c54mzh0hg</a>
Public note View the valuer's guide on the RICS website...
942 ## - ADDED ENTRY ELEMENTS (KOHA)
Suppress in OPAC 0
Holdings
Withdrawn status Lost status Source of classification or shelving scheme Damaged status Not for loan Home library Current library Shelving location Date acquired Total Checkouts Full call number Barcode Date last seen Copy number Price effective from Koha item type
    Dewey Decimal Classification     Virtual Virtual Online 19/03/2004   ONLINE PUBLICATION 125495-2001 06/08/2019 1 06/08/2019 Book